| 000 | 00902cam a2200229 4500 | ||
|---|---|---|---|
| 001 | WB3636-38 | ||
| 008 | 000000n2000 000 0 eng u | ||
| 035 | _a(Sirsi) u108383 | ||
| 245 | _aFarm benchmarking system for SW | ||
| 260 | _c2000 | ||
| 490 |
_aRICS Press Release _v(pr103) 14 September 2000 (2) |
||
| 520 | _aThe RICS in association with the Universities of Exeter and Nottingham has launched a new method to evaluate the performance of farms in the South West. Data covers individual enterprise gross margins and whole farm type standards. Further information is available from the RICS press office on 020 7334 3740 | ||
| 650 | _aRICS | ||
| 650 | _aUNIVERSITY OF EXETER | ||
| 650 | _aUNIVERSITY OF NOTTINGHAM | ||
| 650 | _aBENCHMARKING | ||
| 650 | _aFARMS | ||
| 650 | _aPERFORMANCE STANDARDS | ||
| 650 | _aEVALUATION | ||
| 690 | _aRURAL-FARM BUSINESS MANAGEMENT | ||
| 942 | _n0 | ||
| 999 |
_c64713 _d64713 |
||